[Event "Mechanics' Winter TNM; 30/90, SD/30"]
[Site "San Francisco"]
[Date "2014.02.25"]
[Round "8.32"]
[White "Schlosberg, Max"]
[Black "Weiss, Nicholas"]
[Result "0-1"]
[WhiteElo "1267"]
[BlackElo "1418"]
[Annotator "Donaldson"]
[PlyCount "82"]
[EventDate "2014.??.??"]

1. e4 c5 2. Nf3 Nc6 3. d4 cxd4 4. Nxd4 e6 5. Nc3 a6 6. Be3 Bb4 7. Nxc6 $2 (7.
Bd3 Nf6 8. O-O Bxc3 9. bxc3 O-O 10. f4 d5 11. e5 Nd7 12. Rf3 Qc7 13. Bxh7+ Kxh7
14. Rh3+ Kg8 15. Qh5) 7... bxc6 8. Bd4 (8. Bd3 d5 9. exd5 cxd5 10. O-O) 8...
Nf6 9. Bd3 c5 10. Be5 d6 11. Bf4 d5 12. Bd2 c4 13. e5 Nd7 14. Be2 Nxe5 15. O-O
O-O 16. Bf4 Bxc3 17. bxc3 Nc6 18. Rb1 Qa5 19. Qd2 e5 20. Be3 Be6 21. Bb6 Qa3
22. Qe3 Qxa2 23. Qd2 Qa3 24. Qe3 Qa4 25. Qd2 a5 26. Rb2 Rfb8 27. Rfb1 Qa3 28.
Qe3 Qd6 29. Bc5 Rxb2 30. Rxb2 Qd7 31. Rb1 a4 32. Ba3 d4 33. Qf3 Bd5 34. Qg3 Qf5
35. Bd1 Be4 36. cxd4 Bxc2 37. Bxc2 Qxc2 38. Rc1 Qa2 39. dxe5 Re8 40. Re1 Rxe5
41. Rxe5 Qb1+ 0-1

[Event "Mechanics' Winter TNM; 30/90, SD/30"]
[Site "San Francisco"]
[Date "2014.01.21"]
[Round "3.32"]
[White "Schlosberg, Max"]
[Black "Yamamoto, Craig"]
[Result "1/2-1/2"]
[WhiteElo "1267"]
[BlackElo "1500"]
[Annotator "Donaldson"]
[PlyCount "97"]
[EventDate "2014.??.??"]

1. e4 c6 2. d4 d5 3. Nc3 dxe4 4. Nxe4 Nd7 5. Bc4 Ngf6 6. Ng5 e6 7. Ne2 Nb6 8.
Bd3 c5 9. c3 Bd7 10. Be3 Rc8 11. Nf3 c4 12. Bc2 Bc6 13. Ng3 Bd5 14. O-O Bd6 15.
Qd2 Bxf3 16. gxf3 Nbd5 17. Kg2 Nxe3+ 18. fxe3 Nd5 19. Ba4+ Kf8 20. Ne4 Bb8 21.
Rg1 Qc7 22. Ng3 h5 23. e4 h4 24. Nf1 Nf4+ 25. Kh1 h3 26. e5 Ng2 27. Qg5 a6 28.
Ne3 b5 29. Nxg2 hxg2+ 30. Rxg2 g6 31. Bc2 Qe7 32. Qf4 Rh4 33. Rg4 Rxg4 34. fxg4
Kg7 35. g5 Rh8 36. Rf1 Rh5 37. Qf6+ Qxf6 38. gxf6+ Kh6 39. Rg1 (39. a4 $1)
39... Rh4 40. Kg2 (40. a4 b4) 40... Rh5 41. Bd1 Rg5+ 42. Kf2 Rf5+ 43. Ke3 Bxe5
$2 44. Bg4 $4 (44. dxe5 Rxe5+ 45. Kf2 Rf5+ 46. Bf3 Rxf6 47. Rd1 $18) 44...
Bxd4+ $2 (44... Bf4+ 45. Ke4 Rxf6) 45. Kxd4 Rxf6 46. Ke3 g5 47. Be2 Rf5 48. Rf1
Re5+ 49. Kd2 {White is still winning but not easily as before.} 1/2-1/2

[Event "Mechanics' Fall TNM; 30/90, SD/30"]
[Site "San Francisco"]
[Date "2014.11.04"]
[Round "3.10"]
[White "Shakhnazarov, Oleg"]
[Black "Royzen, Igor"]
[Result "1-0"]
[WhiteElo "2154"]
[BlackElo "1857"]
[PlyCount "47"]
[EventDate "2014.??.??"]

1. e4 c6 2. d4 d5 3. e5 c5 4. dxc5 Nc6 5. Bb5 e6 6. Be3 Nge7 7. Nf3 Bd7 8. Nc3
Nf5 9. Bg5 Qc7 10. O-O Bxc5 11. Bd3 Ncd4 12. Re1 O-O 13. g4 Nxf3+ 14. Qxf3 Nd4
15. Qh3 g6 16. Bf6 Rfe8 17. Re3 Bf8 18. g5 Bg7 19. Qh4 Nf5 20. Bxf5 exf5 21.
Rh3 h5 22. gxh6 Bxf6 23. Qxf6 Qxe5 24. h7+ 1-0

[Event "Mechanics' Fall TNM; 30/90, SD/30"]
[Site "San Francisco"]
[Date "2014.11.25"]
[Round "5.2"]
[White "Shakhnazarov, Oleg"]
[Black "Shaw, Tenzing"]
[Result "0-1"]
[WhiteElo "2154"]
[BlackElo "2246"]
[Annotator "Donaldson"]
[PlyCount "72"]
[EventDate "2014.??.??"]

1. e4 e6 2. d4 d5 3. e5 c5 4. c3 Nc6 5. Nf3 Bd7 6. dxc5 Bxc5 7. Bd3 Nge7 8. b4
Bb6 9. b5 Na5 10. O-O Ng6 11. a4 O-O 12. h4 f6 13. exf6 gxf6 14. h5 Ne5 15.
Nxe5 fxe5 16. Qg4+ Kh8 17. Bxh7 Kxh7 18. Qg6+ Kh8 19. Bg5 (19. Qh6+ Kg8 20.
Qg6+ $11) 19... Qe8 20. Bf6+ Rxf6 21. Qxf6+ Kh7 22. Nd2 $6 (22. Qxe5 $11) 22...
e4 23. c4 $2 e3 $19 24. Nf3 exf2+ 25. Rxf2 Qf8 26. Qg6+ Kh8 27. Raf1 Qg7 28.
Qc2 Nxc4 29. Nh4 Be8 30. Kh1 Bxf2 31. Qxf2 Bxh5 32. Qf4 Rg8 33. g3 Qg5 34. Qf2
Qxg3 35. Qf6+ Qg7 36. Qxe6 Bf3+ 0-1

[Event "Mechanics' Fall TNM; 30/90, SD/30"]
[Site "San Francisco"]
[Date "2014.12.09"]
[Round "7.5"]
[White "Shakhnazarov, Oleg"]
[Black "Stearman, Josiah"]
[Result "0-1"]
[WhiteElo "2154"]
[BlackElo "2185"]
[PlyCount "46"]
[EventDate "2014.??.??"]

1. e4 c5 2. Nf3 Nc6 3. d4 cxd4 4. Nxd4 g6 5. Nc3 Bg7 6. Be3 Nf6 7. Be2 O-O 8.
Nb3 d6 9. O-O Bd7 10. f4 Rc8 11. Kh1 Ne8 12. Nb5 a6 13. Nc3 Nf6 14. g4 b5 15.
g5 Ne8 16. Nd5 Rb8 17. c3 a5 18. Rb1 Be6 19. f5 Bxd5 20. exd5 Ne5 21. Nd4 Nc7
22. Bf3 Qd7 23. Be4 b4 0-1

[Event "Mechanics' SummerTNM; 30/90, SD/30"]
[Site "San Francisco"]
[Date "2014.07.01"]
[Round "6.7"]
[White "Shaknazarov, Oleg"]
[Black "Askin, Michael"]
[Result "0-1"]
[WhiteElo "2193"]
[BlackElo "1898"]
[PlyCount "68"]
[EventDate "2014.??.??"]

1. e4 c6 2. d4 d5 3. e5 Bf5 4. Ne2 e6 5. h4 h5 6. Ng3 Bg6 7. Be2 c5 8. Bxh5
Bxh5 9. Nxh5 cxd4 10. Qg4 g6 11. Ng3 Nc6 12. h5 Nge7 13. Qe2 Qb6 14. Rh3 gxh5
15. Nxh5 O-O-O 16. f4 Nf5 17. g4 d3 18. Qg2 dxc2 19. Nc3 d4 20. Ne4 Ne3 21. Qe2
Bb4+ 22. Kf2 Bc5 23. Nxc5 Qxc5 24. Bd2 Nc4 25. Kg2 Nxd2 26. Qxd2 d3 27. Rc1 Qb4
28. Qe3 Qxb2 29. Qd2 Qb4 30. Qe3 d2 31. Rxc2 d1=Q 32. Re2 Qbd4 33. Rf3 Qxe3 34.
Rfxe3 Rd7 0-1

[Event "Mechanics' SummerTNM; 30/90, SD/30"]
[Site "San Francisco"]
[Date "2014.06.03"]
[Round "2.6"]
[White "Shaknazarov, Oleg"]
[Black "Royzen, Igor"]
[Result "1/2-1/2"]
[WhiteElo "2193"]
[BlackElo "1855"]
[Annotator "Donaldson"]
[PlyCount "150"]
[EventDate "2014.??.??"]

1. e4 c6 2. d4 d5 3. e5 c5 4. c3 Nc6 5. Nf3 Bg4 6. dxc5 e6 7. b4 Bxf3 8. Qxf3
Nxe5 9. Bb5+ Nc6 10. O-O Nf6 11. Ba4 Be7 12. b5 Ne5 13. Qe2 Nc4 14. b6+ Nd7 15.
Nd2 axb6 16. Bxd7+ Qxd7 17. Nxc4 dxc4 18. cxb6 Qc6 19. Be3 O-O 20. Bd4 Ra5 21.
f4 Bc5 22. Qxc4 Qxb6 23. Rab1 Bxd4+ 24. cxd4 Qc6 25. Qb3 Qd5 26. Qxd5 Rxd5 27.
Rxb7 Rxd4 28. h3 Ra4 29. Rf2 Rfa8 30. g3 g6 31. Rbb2 Ra3 32. Kg2 h5 33. h4 Kg7
34. Rfe2 Kf6 35. Rec2 R8a5 36. Kh3 R5a4 37. Kg2 Ra5 38. Kh3 R5a4 39. Kh2 Ra5
40. Rf2 Kf5 41. Kh3 Kf6 42. Rfc2 R5a4 43. Kh2 Ra5 44. Rg2 Kf5 45. Kh3 Kf6 46.
Rgf2 Kf5 47. Rb7 Kf6 48. Rc2 Ra7 49. Rxa7 Rxa7 50. Rb2 Ra3 51. Kg2 Kf5 52. Kh3
Kf6 (52... f6) 53. Kg2 Kf5 54. Rb5+ Kf6 55. Rb2 Kf5 56. Kh3 Kf6 (56... f6 {
with ...e5 to follow.}) 57. Re2 Kf5 58. Rc2 Kf6 (58... f6) 59. Rb2 Kf5 60. Re2
Kf6 (60... f6) 61. Kg2 Kf5 62. Kh3 Kf6 (62... f6) 63. Rh2 Kf5 64. Rb2 Kf6 (
64... f6) 65. Kg2 Kf5 66. Kh3 Kf6 67. Kh2 Kf5 68. Kh3 Kf6 69. Kg2 Kf5 70. Rb5+
Kf6 71. Rb2 Kf5 72. Kh3 Kf6 73. Rf2 Kf5 74. Rh2 Ke4 75. Re2+ Kf5 1/2-1/2

[Event "Mechanics' SummerTNM; 30/90, SD/30"]
[Site "San Francisco"]
[Date "2014.06.17"]
[Round "4.6"]
[White "Shaknazarov, Oleg"]
[Black "Yamamoto, Craig"]
[Result "1-0"]
[WhiteElo "2193"]
[BlackElo "1577"]
[PlyCount "61"]
[EventDate "2014.??.??"]

1. e4 c5 2. Nf3 d6 3. d4 cxd4 4. Nxd4 Nf6 5. Nc3 a6 6. Be2 b5 7. O-O e6 8. Be3
Be7 9. a4 b4 10. Na2 Bb7 11. f3 a5 12. Bb5+ Nfd7 13. c3 bxc3 14. Nxc3 O-O 15.
Qe2 Nc5 16. Rad1 Ba6 17. e5 d5 18. f4 Bb7 19. f5 Nbd7 20. Bf4 Qc8 21. Qg4 f6
22. fxe6 Nxe5 23. Bxe5 fxe5 24. Nf5 Bf6 25. e7 Re8 26. Nxd5 Bxd5 27. Rxd5 Rxe7
28. Nxe7+ Bxe7 29. Qc4 Ne6 30. Rxe5 Bc5+ 31. Kh1 1-0

[Event "Mechanics' Winter TNM; 30/90, SD/30"]
[Site "San Francisco"]
[Date "2014.02.11"]
[Round "6.14"]
[White "Shaughnessy, Elizabeth"]
[Black "Bayaraa, Bekhtur"]
[Result "0-1"]
[WhiteElo "1500"]
[BlackElo "1818"]
[Annotator "Donaldson"]
[PlyCount "40"]
[EventDate "2014.??.??"]

1. e4 e5 2. Nf3 d6 3. d4 exd4 4. Nxd4 Be7 5. Bc4 Nf6 6. Nc3 O-O 7. O-O c6 8.
Be3 b5 9. Bb3 b4 10. Nce2 Nxe4 11. Nxc6 Nxc6 12. Qd5 Ba6 13. Rfe1 Nxf2 14. Qxc6
Bxe2 15. Rxe2 Ng4 16. Bd2 Rc8 17. Qe4 $2 (17. Qb7 $14) 17... Qb6+ 18. Be3 Nxe3
19. Rxe3 $4 (19. Qxe3 Qxe3+ 20. Rxe3 Bf6 $17) 19... Bg5 20. Rae1 Rfe8 0-1

[Event "Mechanics' Winter TNM; 30/90, SD/30"]
[Site "San Francisco"]
[Date "2014.02.18"]
[Round "7.21"]
[White "Shaughnessy, Elizabeth"]
[Black "Lkhagvasuren, Zolboo"]
[Result "0-1"]
[WhiteElo "1500"]
[BlackElo "1707"]
[PlyCount "76"]
[EventDate "2014.??.??"]

1. e4 c5 2. Nc3 Nc6 3. f4 d6 4. Nf3 e6 5. Bb5 Bd7 6. O-O a6 7. Bxc6 Bxc6 8. d3
Nf6 9. Qe1 Qb6 10. Kh1 Be7 11. Ne2 c4 12. Ng3 cxd3 13. cxd3 O-O 14. f5 Bb5 15.
Be3 Qc7 16. Rc1 Qd7 17. Rc3 d5 18. a3 dxe4 19. Ne5 Qd5 20. Nc4 exd3 21. Nb6 Qd8
22. Nxa8 d2 23. Bxd2 Bxf1 24. Nxf1 Nd5 25. Rd3 Kh8 26. Ne3 Re8 27. Nxd5 exd5
28. Rxd5 Qb8 29. Qf2 Qxa8 30. Bc3 f6 31. g4 b5 32. Qg2 h6 33. Rd7 Qc8 34. Qb7
Qc4 35. Rd1 Bxa3 36. Qf3 Bc5 37. Rd7 Re3 38. Qd1 Qe4+ 0-1

[Event "Mechanics' Fall TNM; 30/90, SD/30"]
[Site "San Francisco"]
[Date "2014.11.18"]
[Round "4.2"]
[White "Shaw, Tenzing"]
[Black "Doyle, Bryon"]
[Result "1/2-1/2"]
[WhiteElo "2246"]
[BlackElo "2099"]
[Annotator "Donaldson"]
[PlyCount "74"]
[EventDate "2014.??.??"]

1. c4 c5 2. g3 g6 3. Bg2 Bg7 4. Nc3 Nc6 5. a3 a5 6. d3 Nf6 7. e4 O-O 8. Nge2
Ne8 9. O-O Nc7 10. Rb1 Ne6 11. Nb5 d6 12. b3 Bd7 13. Bb2 Ncd4 14. Nbxd4 Nxd4
15. Nxd4 Bxd4 16. Bxd4 cxd4 17. Qd2 e5 18. f4 f6 19. f5 g5 20. Bf3 Kg7 21. Kf2
b5 22. Rh1 Qc7 23. h4 h6 24. Bh5 Rh8 25. Bg6 bxc4 26. bxc4 Rab8 27. Rxb8 Qxb8
28. Qa2 Be8 29. h5 Qc7 30. Rb1 Bc6 31. c5 dxc5 32. Rc1 Rb8 33. Rxc5 Rb6 34. Qe6
Qb7 {Diagram #} 35. Rxe5 $1 Rb2+ 36. Kf3 Rf2+ $1 37. Kxf2 Qb2+ 1/2-1/2

[Event "Mechanics' Fall TNM; 30/90, SD/30"]
[Site "San Francisco"]
[Date "2014.12.02"]
[Round "6.1"]
[White "Shaw, Tenzing"]
[Black "Niemann, Hans"]
[Result "0-1"]
[WhiteElo "2246"]
[BlackElo "2135"]
[Annotator "Donaldson"]
[PlyCount "92"]
[EventDate "2014.??.??"]

1. c4 c5 2. g3 g6 3. Bg2 Bg7 4. Nc3 Nc6 5. a3 Nh6 6. e4 f5 7. d3 O-O 8. Nge2
fxe4 9. dxe4 d6 10. O-O Bg4 11. f3 Be6 12. Nd5 Nd4 13. Be3 Nxe2+ 14. Qxe2 b5
15. Rad1 bxc4 16. Qxc4 Kh8 17. b4 cxb4 18. axb4 Ng8 19. Qd3 Nf6 20. Nf4 Bg8 21.
Bh3 Qc7 22. Ne6 Qd7 23. Nf4 Qb7 24. Rb1 Nd7 25. Ne6 Ne5 26. Qe2 $2 {Diagram #}
(26. Qd1) 26... Rf6 $1 27. f4 Bxe6 28. fxe5 Rxf1+ 29. Bxf1 Bxe5 (29... Qxe4 $19
) 30. Qd3 Rc8 31. Bd4 Qc7 (31... Bc4) 32. Bxe5+ dxe5 33. Qb5 Qc3 34. Re1 $2 (
34. Qd3) 34... Qd4+ (34... Bg4 35. Rb1 Qe3+ {mates}) 35. Kh1 Bd7 36. Qb7 Qd2
37. Re2 Qd1 38. Rf2 Qd6 39. b5 Qd4 40. Kg2 Kg7 41. Be2 Rc2 42. g4 Kh6 $1 43. h3
Rc3 44. Bf3 Kg5 $1 45. Qb8 Rc8 46. Qb7 h5 $19 0-1

[Event "Mechanics' Fall TNM; 30/90, SD/30"]
[Site "San Francisco"]
[Date "2014.11.04"]
[Round "3.2"]
[White "Shaw, Tenzing"]
[Black "Walder, Michael"]
[Result "1-0"]
[WhiteElo "2246"]
[BlackElo "2130"]
[Annotator "Donaldson"]
[PlyCount "60"]
[EventDate "2014.??.??"]

1. c4 c5 2. g3 g6 3. Bg2 Bg7 4. Nc3 Nc6 5. e4 e6 6. Nge2 Nge7 7. O-O O-O 8. Rb1
d6 9. a3 b6 10. b4 Bb7 11. d3 Qd7 12. Qb3 Nd4 13. Nxd4 cxd4 14. Ne2 Rac8 15.
Bb2 e5 16. b5 Kh8 17. a4 f5 18. f3 g5 19. Ra1 g4 20. f4 Qc7 21. Rac1 Qd8 22.
Ba3 Qc7 23. Qb4 fxe4 24. fxe5 Bxe5 (24... Rxf1+ 25. Rxf1 Bxe5 26. Bxe4 Bxe4 27.
dxe4 Ng8 {intending ...Nf6 was a good alternative.}) 25. Rxf8+ Rxf8 26. dxe4
Ng6 27. Qd2 Qf7 (27... Qg7) 28. Nxd4 Rc8 (28... Nf4 29. gxf4 Qxf4 30. Qxf4
Bxd4+ 31. Kh1 Rxf4 32. Bxd6 $16) 29. Qd3 Qd7 30. Nf5 Qc7 1-0

[Event "Mechanics' Winter TNM; 30/90, SD/30"]
[Site "San Francisco"]
[Date "2014.01.21"]
[Round "3.17"]
[White "Sherwood, Peter"]
[Black "Allen, Tom"]
[Result "0-1"]
[WhiteElo "1808"]
[BlackElo "1495"]
[Annotator "Sherwood"]
[PlyCount "106"]
[EventDate "2014.??.??"]

1. e4 e5 2. Nf3 Nc6 3. Bb5 f5 4. Nc3 fxe4 5. Nxe4 Nf6 6. Nxf6+ gxf6 7. d4 Bg7
8. Be3 O-O 9. Qd2 d6 10. O-O-O e4 11. Ng1 d5 12. Bh6 Qe7 13. Bxg7 Qxg7 14. Ne2
Ne7 15. Nf4 c6 16. Be2 Qg5 17. h4 Qh6 18. Kb1 Ng6 19. Nxg6 Qxd2 20. Ne7+ Kf7
21. Rxd2 Kxe7 22. g3 Rg8 23. Re1 Kd6 24. Bh5 Bg4 25. Bxg4 Rxg4 26. Kc1 h6 27.
Rde2 f5 28. Re3 Rf8 29. Kd2 f4 30. Rb3 Rf7 31. Ra3 a6 32. c4 fxg3 33. fxg3 Rf2+
34. Re2 Rf3 35. c5+ Kd7 36. Ree3 Rgxg3 37. Rxf3 Rxf3 $2 (37... exf3) 38. Rxf3
exf3 39. Ke3 Kc7 40. Kxf3 b6 41. Kf4 $4 (41. b4 {was necessary}) 41... bxc5 42.
dxc5 Kd7 43. Ke5 a5 44. Kf5 Ke7 45. a3 a4 46. Ke5 Kd7 47. Kd4 Ke6 48. Kc3 Ke5
49. Kb4 d4 50. Kxa4 d3 51. Kb3 Kd4 52. a4 Ke3 53. a5 d2 0-1

[Event "Mechanics' Fall TNM; 30/90, SD/30"]
[Site "San Francisco"]
[Date "2014.12.02"]
[Round "6.16"]
[White "Sherwood, Peter"]
[Black "Andries, Craig"]
[Result "1/2-1/2"]
[WhiteElo "1722"]
[BlackElo "1947"]
[Annotator "Sherwood and Donaldson"]
[PlyCount "97"]
[EventDate "2014.??.??"]

1. e4 g6 2. d4 Bg7 (2... d6 3. Nc3 c6 4. Nf3 (4. f4 d5 5. e5 h5 {may be a bette
r move order for Black, as the bishop is better on f8 than g7 in this
structure - J.D.})) 3. Nc3 d6 (3... c6 4. f4 d5 5. e5 h5 {
is the main line of the Gurgenidze system - J.D.}) 4. f4 Nd7 {
The knight is not well placed here - J.D.} 5. e5 c6 (5... f6 6. e6 Nb6 7. f5 $1
Nh6 (7... gxf5 $4 8. Qh5+ $18) 8. Bd3 $16) 6. Bc4 d5 7. Bd3 Nf8 8. Nf3 Bg4 9.
h3 Bxf3 10. Qxf3 Ne6 11. Be3 Qb6 12. Ne2 (12. O-O-O $1 {followed by f5.} O-O-O
13. f5 Nxd4 14. Qg4 Bh6 15. Kb1 Bxe3 16. fxg6+ Kb8 17. g7 {
is one concrete line that favors White - J.D.}) 12... f5 13. O-O Nh6 14. c4 $1
Qd8 15. Nc3 Nc7 (15... Nxd4 $2 16. Qf2 $1 (16. Bxd4 dxc4 17. Qe3 cxd3 18. Bxa7)
16... Ne6 17. cxd5 cxd5 18. Bb5+) 16. cxd5 cxd5 (16... Nxd5 17. Nxd5 cxd5 (
17... Qxd5 18. Qxd5 cxd5 19. Rfc1 a6 20. Rc7) 18. Rfc1 {
- both these lines favor White.}) 17. Rac1 O-O 18. Na4 $1 {
to provoke b6, weakening c6} b6 19. Nc3 ({but I failed to follow up with} 19.
Rc6 $142 Rc8 20. Rfc1 Qd7 21. Qe2 Na8 22. Bb5 $16) 19... e6 20. Rc2 Qd7 21.
Rfc1 Rfc8 22. g4 Kh8 23. g5 Ng8 24. h4 Ne7 25. h5 (25. Nb5 $2 Nxb5 26. Rxc8+
Rxc8 27. Rxc8+ Nxc8 $19) 25... a6 26. Qh3 $11 (26. Na4 Qxa4 27. Rxc7 Bf8) 26...
Kg8 27. Ne2 b5 28. Bd2 Ne8 29. Bb4 Rxc2 30. Rxc2 Rc8 31. Bc5 Kf7 32. hxg6+ hxg6
33. Kf1 Nc6 34. Ng1 Nc7 35. Qg3 Na5 36. b3 Nb7 37. Ba3 Ne8 38. Qf2 Rc6 39. Nf3
Qc7 40. Rxc6 Qxc6 41. Qc2 Qxc2 42. Bxc2 Bf8 43. Bxf8 Kxf8 44. Ke2 Nd8 45. Bd3
Nc7 46. Kd2 Nc6 47. a4 b4 48. Kc2 {draw offer} Kf7 49. Kd2 1/2-1/2

[Event "Mechanics' Winter TNM; 30/90, SD/30"]
[Site "San Francisco"]
[Date "2014.02.18"]
[Round "7.13"]
[White "Sherwood, Peter"]
[Black "Drane, Robert"]
[Result "1-0"]
[WhiteElo "1808"]
[BlackElo "1800"]
[PlyCount "43"]
[EventDate "2014.??.??"]

1. e4 Nf6 2. Nc3 d5 3. e5 Ne4 4. d4 Nxc3 5. bxc3 c5 6. Nf3 Nc6 7. Be2 Bg4 8.
O-O e6 9. Be3 Be7 10. Ne1 Bxe2 11. Qxe2 O-O 12. Nd3 c4 13. Nf4 Qd7 14. Qg4 f5
15. Qg3 Rf7 16. h4 Raf8 17. Nh5 Kh8 18. Nf4 Rg8 19. Nh3 h6 20. Qg6 Bxh4 $4 {
Diagram #} (20... Bd8 $14) 21. Bg5 $1 Rf6 22. exf6 1-0

[Event "Mechanics' SummerTNM; 30/90, SD/30"]
[Site "San Francisco"]
[Date "2014.06.03"]
[Round "2.7"]
[White "Sherwood, Peter"]
[Black "Fomin, Gennadiy"]
[Result "0-1"]
[WhiteElo "1797"]
[BlackElo "2089"]
[Annotator "Donaldson"]
[PlyCount "82"]
[EventDate "2014.??.??"]

1. e4 d6 2. d4 Nf6 3. Nc3 c6 4. Nf3 Bg4 5. Be3 d5 6. e5 Ne4 7. Be2 (7. Nxe4 $1
dxe4 8. h3 Bh5 9. g4 Bg6 10. Nd2 {
with Bg2 to follow leaves Black hard-pressed to defend his e-pawn.}) 7... Nxc3
8. bxc3 e6 9. h3 Bh5 10. Ng5 Bg6 11. Bd3 Be7 12. f4 Bxd3 13. Qxd3 g6 14. O-O
Nd7 15. Nf3 Qc7 16. Rab1 b5 17. Nd2 Nb6 18. Bf2 Kd7 19. Nf3 a6 20. Bh4 Na4 21.
Bxe7 (21. Bf6 $5) 21... Kxe7 22. Nd2 (22. Qe3 h6 23. c4 dxc4 (23... bxc4 $4 24.
Qa3+) 24. Nd2 {is an interesting pawn sacrifice to get White's knight to e4
where it eyes d6 and f6.}) 22... Rac8 23. Qg3 ({
An interesting alternative to the usual plan of g4 and f4-f5 is} 23. c4 $5 {
exploiting the loose knight on a4.} dxc4 24. Nxc4) (23. g4 c5 24. f5 gxf5 25.
gxf5 cxd4 {and Black is too quick down the c-file.}) 23... Kd7 24. Rf2 c5 25.
Nb3 $17 Qd8 26. Re1 Qe7 27. dxc5 Nxc5 28. Rd2 Rc7 29. Na5 Na4 30. Rd3 Rhc8 31.
Ree3 Nc5 32. Rd1 Ke8 33. Qg4 Ne4 34. c4 Qc5 35. Qf3 bxc4 36. Kh2 Qxa5 37. f5
gxf5 38. Qh5 Qc5 39. Ree1 Qf2 40. Qxh7 Qg3+ 41. Kg1 Qxe5 0-1

[Event "Mechanics' Fall TNM; 30/90, SD/30"]
[Site "San Francisco"]
[Date "2014.10.28"]
[Round "2.12"]
[White "Sherwood, Peter"]
[Black "Gaffagan, Steven"]
[Result "0-1"]
[WhiteElo "1722"]
[BlackElo "2129"]
[Annotator "Donaldson"]
[PlyCount "78"]
[EventDate "2014.??.??"]

1. e4 c5 2. Nf3 d6 3. d4 cxd4 4. Nxd4 e6 5. Nc3 a6 6. Be3 Nf6 7. f3 h5 8. Qd2
b5 9. Bd3 Be7 10. O-O-O Bd7 11. h3 $6 (11. g3 {
followed by h3 and g4 looks more flexible.}) 11... h4 12. Nde2 $2 {
This retreat is unncessary. More forceful is} (12. f4 {
followed by Nf3 aiming for e4-e5.}) 12... b4 13. Nb1 Nc6 14. Bf4 e5 15. Be3 Be6
16. b3 {Unfortunate but forced. Now Black has long-term attacking play based
on opening the a-file, while White has nothing comparable on the kingside.} Qc7
17. f4 a5 18. a4 bxa3 19. Nxa3 a4 20. Kb2 axb3 21. cxb3 {Diagram #} Rxa3 $1 22.
Kxa3 Qb7 $1 23. Qc2 d5+ 24. Kb2 Nb4 25. Qb1 dxe4 26. Bc4 Bxc4 27. bxc4 Nbd5+
28. Ka1 Qa8+ 29. Qa2 Qxa2+ 30. Kxa2 Nxe3 31. Rc1 exf4 32. Nxf4 O-O 33. c5 Rc8
34. c6 Bd6 35. Ne2 Nfd5 36. Nd4 Ra8+ 37. Kb1 Ra4 38. Nc2 Be5 39. Nxe3 Nxe3 0-1

[Event "Mechanics' Fall TNM; 30/90, SD/30"]
[Site "San Francisco"]
[Date "2014.12.09"]
[Round "7.14"]
[White "Sherwood, Peter"]
[Black "Hakobyan, Sos"]
[Result "0-1"]
[WhiteElo "1722"]
[BlackElo "1953"]
[Annotator "Donaldson"]
[PlyCount "108"]
[EventDate "2014.??.??"]

1. e4 e6 2. d4 d5 3. Nc3 Nf6 4. e5 Nfd7 5. f4 c5 6. Nf3 Nc6 7. Be3 cxd4 8. Nxd4
Qb6 {Diagram #} 9. Na4 $2 (9. Qd2 Qxb2 10. Rb1 Qa3 11. Bb5 {
has been tested many times the past year by 2700 plus players.}) (9. a3 Qxb2 $4
10. Na4) 9... Qa5+ 10. c3 $2 {
This falls into a well-known trap that has caught many victims.} (10. Nc3 {
was forced.}) 10... Nxd4 11. Bxd4 b5 12. b4 Qxa4 13. Qd2 Nb6 14. Bd3 Nc4 15.
Qe2 g6 16. O-O Bg7 17. Bc5 Bd7 18. Qf2 Bf8 19. Bd4 Qa6 20. Qh4 Qc8 21. Qf6 Rg8
22. Qh4 h5 23. Kh1 Qd8 24. Qf2 Qc7 25. Rfd1 Be7 26. Rab1 Qc6 27. Ra1 Bd8 28. a3
Bb6 29. Qh4 Nb2 30. Rd2 Bxd4 31. cxd4 Qc3 32. Rc2 Qxd4 33. Be2 Nc4 34. Rd1 Qb6
35. Rc3 a5 36. Qg3 axb4 37. axb4 d4 38. Rb3 Bc6 39. Bf3 Ra2 40. Rbd3 Ne3 41.
Rg1 Nf5 42. Qg5 Bxf3 43. Rxf3 h4 44. Rd3 Qc6 45. Qg4 Qe4 46. Qf3 Qxf3 47. gxf3
Ke7 48. Rc1 h3 49. Kg1 Rga8 50. Rcd1 Rg2+ 51. Kf1 Raa2 52. Ke1 Rxh2 53. R3d2
Raxd2 54. Rxd2 Rxd2 0-1

[Event "Mechanics' SummerTNM; 30/90, SD/30"]
[Site "San Francisco"]
[Date "2014.07.15"]
[Round "8.17"]
[White "Sherwood, Peter"]
[Black "Handler, Andrew"]
[Result "0-1"]
[WhiteElo "1797"]
[BlackElo "1636"]
[PlyCount "116"]
[EventDate "2014.??.??"]

1. e4 c5 2. Nf3 Nc6 3. Nc3 g6 4. Bc4 Bg7 5. O-O d6 6. a3 Nf6 7. d4 cxd4 8. Nxd4
O-O 9. Nce2 Nxe4 10. c3 d5 11. Ba2 e5 12. Nf3 Be6 13. Be3 Qd7 14. Qd3 Rad8 15.
Rfd1 Nxf2 16. Bxf2 e4 17. Qe3 exf3 18. Qxf3 Bg4 19. Qd3 d4 20. Rd2 dxc3 21.
Qxd7 Rxd7 22. Rxd7 Bxd7 23. Nxc3 Be6 24. Bxe6 fxe6 25. Rd1 Rf7 26. Rd6 e5 27.
Ne4 h6 28. Rxg6 Kh7 29. Rd6 Nd4 30. g3 b6 31. Kg2 Rc7 32. Nc3 Nf5 33. Rd5 Kg6
34. g4 Nd4 35. h4 Kf7 36. Be3 Ke6 37. Rd8 Rd7 38. Rxd7 Kxd7 39. Bxd4 exd4 40.
Nd1 Bf6 41. h5 Kd6 42. Kf3 Kd5 43. b3 Be7 44. a4 Bg5 45. Nb2 d3 46. Nxd3 Kd4
47. Nf4 Kc3 48. Ne6 Bc1 49. g5 hxg5 50. h6 g4+ 51. Kxg4 Bxh6 52. a5 bxa5 53.
Nc5 Be3 54. Nb7 Bb6 55. Kf3 Kxb3 56. Ke2 a4 57. Kd1 a3 58. Kc1 a2 0-1

[Event "Mechanics' SummerTNM; 30/90, SD/30"]
[Site "San Francisco"]
[Date "2014.05.27"]
[Round "1.24"]
[White "Sherwood, Peter"]
[Black "Hood, Bryan"]
[Result "1-0"]
[WhiteElo "1797"]
[BlackElo "1092"]
[PlyCount "59"]
[EventDate "2014.??.??"]

1. e4 e5 2. Nf3 Nc6 3. Bb5 a6 4. Ba4 Nf6 5. O-O b5 6. Bb3 d5 7. exd5 Nxd5 8.
Re1 Bg4 9. Nxe5 Nxe5 10. Rxe5+ Be6 11. Bxd5 Bd6 12. Rxe6+ fxe6 13. Bxa8 Qxa8
14. Qh5+ g6 15. Qf3 Qa7 16. Qe3 Bc5 17. Qxe6+ Be7 18. Nc3 Rf8 19. Qe3 Qb7 20.
d3 Rf5 21. Qe4 c6 22. Bd2 Qc7 23. Re1 Kd8 24. g3 Qd7 25. Qe6 Qa7 26. Be3 Qb7
27. Ne4 Rf8 28. Bg5 Bxg5 29. Nxg5 Qa7 30. Qd6+ 1-0

[Event "Mechanics' Spring TNM; 30/90, SD/30"]
[Site "San Francisco"]
[Date "2014.04.01"]
[Round "3.16"]
[White "Sherwood, Peter"]
[Black "James, Charles"]
[Result "1-0"]
[WhiteElo "1808"]
[BlackElo "1489"]
[PlyCount "105"]
[EventDate "2014.??.??"]

1. e4 e6 2. d4 d5 3. Nc3 Nf6 4. e5 Nfd7 5. Nce2 c5 6. c3 Nc6 7. Nf3 Be7 8. Nf4
h6 9. Bd3 Qb6 10. Bb1 cxd4 11. cxd4 Bb4+ 12. Kf1 g5 13. Ne2 Rg8 14. Qd3 Nf8 15.
g3 Bd7 16. Kg2 O-O-O 17. a3 Be7 18. b4 g4 19. Nd2 f6 20. b5 Nxd4 21. Nxd4 fxe5
22. Bb2 exd4 23. Bxd4 Qxb5 24. Qe3 Bg5 25. Qc3+ Bc6 26. Bd3 Qb6 27. Bxb6 d4+
28. Qxc6+ bxc6 29. Ba5 Rd5 30. Nb3 e5 31. Rhe1 Rg7 32. Be4 Rd6 33. Bb4 Rf6 34.
Nc5 Rgf7 35. Nd3 Nd7 36. Ra2 h5 37. Bd2 Bxd2 38. Rxd2 c5 39. Rc1 Ra6 40. a4 Ra5
41. Rc4 Kd8 42. Bc6 Re7 43. Bxd7 Kxd7 44. Nxc5+ Kd6 45. Nb3 Ra6 46. a5 Kd5 47.
Rc5+ Kd6 48. Kf1 Ke6 49. Nxd4+ exd4 50. Rxd4 Rd6 51. Re4+ Kf6 52. Rxe7 Rd1+ 53.
Ke2 1-0